000 00644nam a2200229Ia 4500
003 OSt
005 20220923220954.0
006 a|||||r|||| 00| 0
007 ta
008 220922b |||||||| |||| 00| 0 hin d
024 _a193,034
037 _cTextual
040 _aARTS
_cARTS
_bhin
041 _2hin
_ahin
082 _aV2:19044Q7:N7, 152L3
100 _aनय्यर, कुलदीप
_9156318
245 0 _aदूर के पडोसी
246 _aDūr ke paḍosī
260 _c1973
942 _hV2:19044Q7:N7, 152L3
_cTEXL
_2CC
999 _c345535
_d345535